| 000 | 00000nam##2200000za#4500 |
| 001 | 9.699616 |
| 003 | CaOODSP |
| 005 | 20210625000447 |
| 007 | cr ||||||||||| |
| 008 | 150407|2000||||xxc|||||o f|0| 0 eng|d |
| 040 | |aCaOODSP|beng |
| 043 | |an-cn--- |
| 086 | 1 |aH46-2/99-230E-PDF |
| 110 | 1 |aCanada.|bHealth Canada. |bConsumer Product Safety. |
| 245 | 10|aOzone generators may be dangerous to your health |h[electronic resource] |
| 250 | |aRevised |
| 260 | |aOttawa - Ontario : |bHealth Canada. |cSeptember 2000. |
| 300 | |a1p.|billus. |
| 500 | |aThe catalogue number (H46-2/99-230E) and ISBN (0-662-27826-7) for the print edition have been incorrectly copied in this electronic publication. |
| 590 | |a14-14-Supp|b2014-07-24 |
| 690 | 07|aAir quality|2gcpds |
| 690 | 07|aHealth|2gcpds |
| 775 | 08|tLes appareils producteurs d'ozone peuvent être dangereux pour votre santé |w(CaOODSP)9.643595 |
| 856 | 40|ahttp://publications.gc.ca|qPDF|s32 KB|uhttps://publications.gc.ca/collections/collection_2014/sc-hc/H46-2-99-230-eng.pdf |